|
|
|
|
| LEADER |
00916nab a2200241 i 4500 |
| 001 |
misc62033 |
| 005 |
20240301090215.0 |
| 008 |
230525s1960 hu o 000 hun d |
| 040 |
|
|
|a SZTE Miscellanea Repozitórium
|b hun
|
| 041 |
|
|
|a hun
|
| 100 |
1 |
|
|a Rásonyi László
|
| 245 |
1 |
2 |
|a A székely név eredete
|h [elektronikus dokumentum] /
|c Rásonyi László
|
| 260 |
|
|
|c 1960
|
| 300 |
|
|
|a 186-194
|c 24 cm
|
| 300 |
|
|
|a [9] p.
|c 24 cm
|
| 490 |
0 |
|
|a Magyar nyelv : a Magyar Nyelvtudományi Társaság folyóirata
|
| 561 |
|
|
|a Németh Gyula hagyaték
|
| 591 |
|
|
|a LOA 3027; NOA 4810; NOA 4809
|
| 650 |
|
4 |
|a Bölcsészettudományok
|
| 650 |
|
4 |
|a Történettudomány és régészet
|
| 650 |
|
4 |
|a Nyelvek és irodalom
|
| 695 |
|
|
|a Népnév - székely, Etimológia - magyar, Székelyek eredete, Névkutatás - magyar - őstörténet
|
| 856 |
4 |
0 |
|u http://misc.bibl.u-szeged.hu/62033/1/4809_noa.pdf
|z Dokumentum-elérés
|